000 01149nam a22002657a 4500
005 20100928110826.0
008 100928t xxu||||| |||| 00| 0 mar d
010 _aMAR-20324
020 _c70.00
_a9788177865974
035 _aMR-12982
037 _bDBAD / PUB
040 _aDPL
_bMR
082 _a891.462
100 _922134
_aकम्बार,चंद्रशेखर
245 _aकहाणी वाघाच्या सावलीची /
_cचंद्रशेखर कम्बार
246 _aKaqhani Waghachya Savalichi
_bby Chandrashekar Kambars
260 _aऔरंगाबाद
_bसाकेत प्रकाशन
_c2010
270 _a115,म.गांधीनगर स्टेशनरोड
_bऔरंगाबाद
_e431005
300 _a72पृ
_c21सेमी (अजिल्द)
650 _922255
650 _922256
700 _922381
942 _2ddc
_cMR
_h891.462
_mकम्बार
999 _c47989
_d47989